000 00315nam a2200133Ia 4500
100 _aBindra/ R.C./ Dass/ T.
650 _aChemistry
942 _cRB
654 _aSocial Studies
245 _aSocial Studies and Enterpreneurship
260 _bNew Heights
_aNew Delhi
_c1984
082 _a362.85
546 _aENGLISH
999 _c32637
_d32637